000 00842nam a2200241 i 4500
003 DO-SdBNP
005 20250213143711.0
007 ta
008 250213b1994 pr c|||| |||| 00| 0 spa d
040 _aDO-SdBNP
_bspa
_cBNPHU
_erda
082 4 _axxx
_222
_bR696p
100 1 _aRodríguez Cruz, Juan,
_eautor
_4aut.
_986979
245 1 _aPedro Albizu Campos :
_bun asomo a su vida y su época /
_cJuan Rodríguez Cruz
264 4 _aSan Juan, Puerto Rico :
_bCentro de Estudios Avanzados de Puerto Rico y el Caribe,
_c1994.
300 _a240 págimas :
_bretratos ;
_c23 cm.
336 _atexto
_btxt
_2rdacontent
337 _asin mediación
_bn
_2rdamedia
338 _avolumen
_bnc
_2rdacarrier
500 _aIncluye datos biográficos del autor en la contracubierta
590 _aInventariado, 2025/BT
910 _aBtavárez
942 _2ddc
_cLBS1
999 _c58116
_d58116